000
00328nam a2200121Ia 4500
008
220216s9999 xx 000 0 und d
100
_a
Beagle C W
245
0
_a
Durable all-weather roads with rubberized asphalt emulsion
260
_b
Rubber Developments
_c
1961
300
_a
23-28
650
_a
Rubberized asphalt
942
_c
JS
999
_c
57432
_d
57432